Ústavný súd môže byť závislý len od ústavy
Rozhodovanie Ústavného súdu vo veci garancie ústavnosti. Návrh na začatie konania. Sťažnosť. Podnet. Ústne pojednávanie. Rozhodnutia Ústavného súdu. Politická nestrannosť sudcov. Sudcovia Ústavného súdu SR.
Na minha lista:
| Autor principal: | |
|---|---|
| Outros Autores: | |
| Formato: | Capítulo de Livro |
| Idioma: | eslovaco |
| Assuntos: | |
| Tags: |
Sem tags, seja o primeiro a adicionar uma tag!
|
MARC
| LEADER | 00000naa a2200000 4500 | ||
|---|---|---|---|
| 001 | r020138 | ||
| 005 | 20221213101156.7 | ||
| 041 | 0 | |a slo | |
| 044 | |a SK | ||
| 245 | 1 | 0 | |a Ústavný súd môže byť závislý len od ústavy |c Milan Čič, M. Velecký |
| 520 | |a Rozhodovanie Ústavného súdu vo veci garancie ústavnosti. Návrh na začatie konania. Sťažnosť. Podnet. Ústne pojednávanie. Rozhodnutia Ústavného súdu. Politická nestrannosť sudcov. Sudcovia Ústavného súdu SR. | ||
| 610 | 2 | 0 | |a Ústavný súd SR Košice |
| 610 | 2 | 0 | |a súdnictvo |
| 610 | 2 | 0 | |a sudcovia |
| 610 | 2 | 0 | |a sťažnosti |
| 100 | 1 | |a Čič, Milan | |
| 700 | 1 | |a Velecký, M. | |